<?xml version="1.0" encoding="UTF-8"?>
<record
    xmlns:xsi="http://www.w3.org/2001/XMLSchema-instance"
    xsi:schemaLocation="http://www.loc.gov/MARC21/slim http://www.loc.gov/standards/marcxml/schema/MARC21slim.xsd"
    xmlns="http://www.loc.gov/MARC21/slim">

  <leader>02355nam a2200385 i 4500</leader>
  <controlfield tag="001">000021865</controlfield>
  <controlfield tag="003">DO-SdBNP</controlfield>
  <controlfield tag="005">20251215130553.0</controlfield>
  <controlfield tag="007">ta</controlfield>
  <controlfield tag="008">100914e2000    dr a   gr     001 0dspa d</controlfield>
  <datafield tag="020" ind1=" " ind2=" ">
    <subfield code="a">999342904X</subfield>
  </datafield>
  <datafield tag="040" ind1=" " ind2=" ">
    <subfield code="a">DO-SdBNP</subfield>
    <subfield code="b">spa</subfield>
    <subfield code="c">BNPHU</subfield>
    <subfield code="e">rda</subfield>
  </datafield>
  <datafield tag="041" ind1=" " ind2=" ">
    <subfield code="a">spa</subfield>
  </datafield>
  <datafield tag="082" ind1=" " ind2="4">
    <subfield code="a">972.93053</subfield>
    <subfield code="b">C697f 2000</subfield>
    <subfield code="2">22</subfield>
  </datafield>
  <datafield tag="100" ind1="1" ind2=" ">
    <subfield code="a">Collado, Lipe,</subfield>
    <subfield code="d">1947-</subfield>
    <subfield code="9">79819</subfield>
    <subfield code="e">autor</subfield>
    <subfield code="4">aut.</subfield>
  </datafield>
  <datafield tag="245" ind1="1" ind2="3">
    <subfield code="a">El foro p&#xFA;blico en la Era de Trujillo :</subfield>
    <subfield code="b">de c&#xF3;mo el chisme fue elevado a la categor&#xED;a de asunto de estado /</subfield>
    <subfield code="c">Lipe Collado.</subfield>
  </datafield>
  <datafield tag="250" ind1=" " ind2=" ">
    <subfield code="a">Tercera edici&#xF3;n </subfield>
  </datafield>
  <datafield tag="264" ind1=" " ind2="4">
    <subfield code="a">Santo Domingo, Rep&#xFA;blica Dominicana </subfield>
    <subfield code="b">Editora Collado, S. A., </subfield>
    <subfield code="c">&#xA9;2000.</subfield>
  </datafield>
  <datafield tag="300" ind1=" " ind2=" ">
    <subfield code="a">271 p&#xE1;ginas :</subfield>
    <subfield code="b">ilustraciones ;</subfield>
    <subfield code="c">23 cm.</subfield>
  </datafield>
  <datafield tag="336" ind1=" " ind2=" ">
    <subfield code="a">texto</subfield>
    <subfield code="b">txt</subfield>
    <subfield code="2">rdacontent </subfield>
  </datafield>
  <datafield tag="337" ind1=" " ind2=" ">
    <subfield code="a">sin mediaci&#xF3;n </subfield>
    <subfield code="b">n</subfield>
    <subfield code="2">rdamedia</subfield>
  </datafield>
  <datafield tag="338" ind1=" " ind2=" ">
    <subfield code="a">volumen  </subfield>
    <subfield code="b">nc</subfield>
    <subfield code="2">rdacarrier </subfield>
  </datafield>
  <datafield tag="500" ind1=" " ind2=" ">
    <subfield code="a">Incluye datos biogr&#xE1;ficos del autor en las solapas de las cubiertas.</subfield>
  </datafield>
  <datafield tag="500" ind1=" " ind2=" ">
    <subfield code="a">Incluye &#xED;ndice de 243 foros.</subfield>
  </datafield>
  <datafield tag="500" ind1=" " ind2=" ">
    <subfield code="a">Incluye &#xED;ndice Onom&#xE1;stico </subfield>
  </datafield>
  <datafield tag="504" ind1=" " ind2=" ">
    <subfield code="a">Incluye referencias bibliogr&#xE1;ficas y notas al pie de las p&#xE1;ginas.</subfield>
  </datafield>
  <datafield tag="505" ind1="0" ind2=" ">
    <subfield code="g">Palabras preliminares --</subfield>
    <subfield code="t">De c&#xF3;mo el chisme fue elevado a la categor&#xED;a de asunto de estado --</subfield>
    <subfield code="t">Vocaci&#xF3;n por la comunicaci&#xF3;n --</subfield>
    <subfield code="t">Antecedentes inmediatos del Foro P&#xFA;blico --</subfield>
    <subfield code="t">Una cadena presagiosa --</subfield>
    <subfield code="t">Una visi&#xF3;n certera --</subfield>
    <subfield code="t">Entre la confidencia y la inteligencia --</subfield>
    <subfield code="t">Redactores del foro --</subfield>
    <subfield code="t">Los tirilleros de Trujillo --</subfield>
    <subfield code="t">Los profesionales del forismo --</subfield>
    <subfield code="t">Trujillo: jefe del Foro P&#xFA;blico --</subfield>
    <subfield code="t">Un monumento al chisme --</subfield>
    <subfield code="g">Segunda parte :</subfield>
    <subfield code="t">Foro contra antitrujillistas --</subfield>
    <subfield code="g">Tercera parte :</subfield>
    <subfield code="t">Casos muy sonados --</subfield>
    <subfield code="t">Los foros contra los abogados, Federico C. &#xC1;lvarez y Eduardo S&#xE1;nchez Cabral --</subfield>
    <subfield code="t">Algo m&#xE1;s sobre este caso --</subfield>
    <subfield code="t">Foros contra la iglesia cat&#xF3;lica --</subfield>
    <subfield code="t">El caso de Anselmo Paulino --</subfield>
    <subfield code="t">Foros contra la familia Henr&#xED;quez --</subfield>
    <subfield code="t">Otros foros --</subfield>
    <subfield code="t">Dos foros contra Balaguer --</subfield>
    <subfield code="t">Balaguer se defiende --</subfield>
    <subfield code="t">&#xCD;ndice onom&#xE1;stico.</subfield>
  </datafield>
  <datafield tag="590" ind1=" " ind2=" ">
    <subfield code="a">Inventariado, 2020 / MF</subfield>
  </datafield>
  <datafield tag="650" ind1=" " ind2="4">
    <subfield code="a">Diarios dominicanos</subfield>
    <subfield code="x">Secciones, columnas, etc.</subfield>
    <subfield code="9">44</subfield>
  </datafield>
  <datafield tag="650" ind1=" " ind2="4">
    <subfield code="a">Pol&#xED;tica y medios de comunicaci&#xF3;n de masas</subfield>
    <subfield code="9">18709</subfield>
  </datafield>
  <datafield tag="651" ind1=" " ind2="4">
    <subfield code="a">Rep&#xFA;blica Dominicana</subfield>
    <subfield code="x">Pol&#xED;tica Y Gobierno</subfield>
    <subfield code="y">ERA DE TRUJILLO, 1930-1961</subfield>
    <subfield code="9">1374</subfield>
  </datafield>
  <datafield tag="730" ind1="0" ind2=" ">
    <subfield code="a">El Caribe (Rep&#xFA;blica Dominicana)</subfield>
    <subfield code="p">El Foro P&#xFA;blico</subfield>
    <subfield code="9">45395</subfield>
  </datafield>
  <datafield tag="910" ind1=" " ind2=" ">
    <subfield code="a">Validado. Control de calidad EMS.</subfield>
  </datafield>
  <datafield tag="942" ind1=" " ind2=" ">
    <subfield code="2">ddc</subfield>
    <subfield code="c">LBS1</subfield>
  </datafield>
  <datafield tag="952" ind1=" " ind2=" ">
    <subfield code="0">0</subfield>
    <subfield code="1">0</subfield>
    <subfield code="2">ddc</subfield>
    <subfield code="5">6</subfield>
    <subfield code="7">0</subfield>
    <subfield code="8">DS</subfield>
    <subfield code="a">BNPHU</subfield>
    <subfield code="b">BNPHU</subfield>
    <subfield code="c">HD</subfield>
    <subfield code="d">2011-07-13</subfield>
    <subfield code="e">Compra / Enarey Group</subfield>
    <subfield code="o">BNPHU DS 972.93053 C697f 2000</subfield>
    <subfield code="p">21865-30</subfield>
    <subfield code="r">2020-06-25</subfield>
    <subfield code="t">e. 3</subfield>
    <subfield code="w">2020-06-25</subfield>
    <subfield code="y">LBS1</subfield>
  </datafield>
  <datafield tag="952" ind1=" " ind2=" ">
    <subfield code="0">0</subfield>
    <subfield code="1">0</subfield>
    <subfield code="2">ddc</subfield>
    <subfield code="5">1</subfield>
    <subfield code="7">0</subfield>
    <subfield code="8">PD</subfield>
    <subfield code="a">BNPHU</subfield>
    <subfield code="b">BNPHU</subfield>
    <subfield code="c">HD</subfield>
    <subfield code="d">2010-09-14</subfield>
    <subfield code="e">Dep&#xF3;sito Legal</subfield>
    <subfield code="o">BNPHU PD 972.93053 C697f 2000</subfield>
    <subfield code="p">21865-10</subfield>
    <subfield code="r">2020-06-25</subfield>
    <subfield code="w">2020-06-25</subfield>
    <subfield code="y">LBS1</subfield>
  </datafield>
  <datafield tag="952" ind1=" " ind2=" ">
    <subfield code="0">0</subfield>
    <subfield code="1">0</subfield>
    <subfield code="2">ddc</subfield>
    <subfield code="5">1</subfield>
    <subfield code="7">0</subfield>
    <subfield code="8">PD</subfield>
    <subfield code="a">BNPHU</subfield>
    <subfield code="b">BNPHU</subfield>
    <subfield code="c">HD</subfield>
    <subfield code="d">2010-09-14</subfield>
    <subfield code="e">Dep&#xF3;sito Legal</subfield>
    <subfield code="o">BNPHU PD 972.93053 C697f 2000</subfield>
    <subfield code="p">21865-20</subfield>
    <subfield code="r">2020-06-25</subfield>
    <subfield code="t">e. 2</subfield>
    <subfield code="w">2020-06-25</subfield>
    <subfield code="y">LBS1</subfield>
  </datafield>
  <datafield tag="952" ind1=" " ind2=" ">
    <subfield code="0">0</subfield>
    <subfield code="1">0</subfield>
    <subfield code="2">ddc</subfield>
    <subfield code="5">6</subfield>
    <subfield code="7">0</subfield>
    <subfield code="8">DS</subfield>
    <subfield code="a">BNPHU</subfield>
    <subfield code="b">BNPHU</subfield>
    <subfield code="c">HD</subfield>
    <subfield code="d">2014-06-09</subfield>
    <subfield code="e">Donado por Reyes Duluc</subfield>
    <subfield code="l">0</subfield>
    <subfield code="o">BNPHU DS 972.93053 C697f 2000</subfield>
    <subfield code="p">2025-13901</subfield>
    <subfield code="r">2025-12-15</subfield>
    <subfield code="t">e. 4</subfield>
    <subfield code="w">2025-12-15</subfield>
    <subfield code="y">LBS1</subfield>
  </datafield>
  <datafield tag="999" ind1=" " ind2=" ">
    <subfield code="c">21363</subfield>
    <subfield code="d">21363</subfield>
  </datafield>
</record>
